Night of soldiers and spies / Kate Messner ; ... Read More
Available copies
- 0 of 1 copy available at LARL/NWRL Consortium.
Current holds
0 current holds with 1 total copy.
Show Only Available Copies
| Location | Call Number / Copy Notes | Barcode | Shelving Location | Status | Due Date |
|---|---|---|---|---|---|
| Thief River Falls Public Library | j MES (Text) | 35500006188294 | Main | Checked out | 07/01/2026 |
Record details
- ISBN: 9781338134018
- ISBN: 1338134019
- ISBN: 9781338134025
- ISBN: 1338134027
- Physical Description: 119 pages : illustrations ; 22 cm.
- Edition: First edition.
- Publisher: New York, NY : Scholastic Inc., 2019.
- Copyright: ©2019
Content descriptions
| General Note: | Includes author's note, further reading, and sources. |
| Summary, etc.: | Ranger the time-travelling Golden retriever and ... Read More |
Search for related items by subject
| Genre: | Adventure fiction. Time-travel fiction. Historical fiction. Action and adventure fiction. Action and adventure fiction. Fiction. Historical fiction. History. Juvenile works. |
Search for related items by series
| LDR | 04339cam a22009618i 4500 | ||
|---|---|---|---|
| 001 | 324038 | ||
| 003 | LARL_NWRL_CONSORTIUM | ||
| 005 | 20200929132118.0 | ||
| 008 | 180822t20192019nyua c 000 1 eng c | ||
| 010 | . | ‡a 2018038977 | |
| 040 | . | ‡aNJQ/DLC ‡beng ‡erda ‡cDLC ‡dBDX ‡dYDX ‡dOCLCF ‡dOCLCO ‡dSSH ‡dXYZ ‡dUAP ‡dNRG | |
| 020 | . | ‡a9781338134018 ‡q(pbk.) | |
| 020 | . | ‡a1338134019 ‡q(pbk.) | |
| 020 | . | ‡a9781338134025 ‡q(jacketed library binding) | |
| 020 | . | ‡a1338134027 ‡q(jacketed library binding) | |
| 035 | . | ‡a(OCoLC)1050142222 | |
| 037 | . | ‡bScholastic, Po Box 7502, Jefferson City, MO, USA, 65102 ‡nSAN 860-0023 | |
| 042 | . | ‡alcac ‡apcc | |
| 082 | 0 | 4. | ‡a813.6 ‡aFic ‡223 |
| 049 | . | ‡aNRGA | |
| 100 | 1 | . | ‡aMessner, Kate, ‡eauthor. ‡0(LARL_NWRL_CONSORTIUM)197950 |
| 245 | 1 | 0. | ‡aNight of soldiers and spies / ‡cKate Messner ; illustrated by Kelley McMorris. |
| 246 | 3 | 0. | ‡aNight of soldiers & spies |
| 250 | . | ‡aFirst edition. | |
| 264 | 1. | ‡aNew York, NY : ‡bScholastic Inc., ‡c2019. | |
| 264 | 4. | ‡c©2019 | |
| 300 | . | ‡a119 pages : ‡billustrations ; ‡c22 cm. | |
| 336 | . | ‡atext ‡btxt ‡2rdacontent | |
| 337 | . | ‡aunmediated ‡bn ‡2rdamedia | |
| 338 | . | ‡avolume ‡bnc ‡2rdacarrier | |
| 490 | 0 | . | ‡aRanger in time ; ‡v10 |
| 500 | . | ‡aIncludes author's note, further reading, and sources. | |
| 520 | . | ‡aRanger the time-travelling Golden retriever and young Isaac Pope come together in 1776 during Washington's retreat after the Battle of Long Island, and Ranger stays with Isaac while he slowly recovers from Smallpox--but Ranger's real mission comes later when Isaac is sent to spy out the Hessian troops' intentions before the Battle of Trenton. | |
| 611 | 2 | 7. | ‡aAmerican Revolution (1775-1783) ‡2fast |
| 611 | 0 | 7. | ‡aLong Island, Battle of (New York, New York : 1776) ‡2fast |
| 611 | 0 | 7. | ‡aTrenton, Battle of (New Jersey : 1776) ‡2fast |
| 650 | 0. | ‡aGolden retriever ‡vJuvenile fiction. | |
| 650 | 0. | ‡aTime travel ‡vJuvenile fiction. ‡0(LARL_NWRL_CONSORTIUM)167733 | |
| 650 | 0. | ‡aSoldiers ‡vJuvenile fiction. | |
| 650 | 0. | ‡aSmallpox ‡vJuvenile fiction. | |
| 650 | 0. | ‡aEspionage, American ‡vJuvenile literature. | |
| 650 | 0. | ‡aLong Island, Battle of, New York, N.Y., 1776 ‡vJuvenile fiction. | |
| 650 | 0. | ‡aTrenton, Battle of, Trenton, N.J., 1776 ‡vJuvenile fiction. | |
| 650 | 0. | ‡aAdventure stories. ‡0(LARL_NWRL_CONSORTIUM)12829 | |
| 651 | 0. | ‡aUnited States ‡xHistory ‡yRevolution, 1775-1783 ‡vJuvenile fiction. ‡0(LARL_NWRL_CONSORTIUM)163037 | |
| 650 | 1. | ‡aGolden retriever ‡vFiction. | |
| 650 | 1. | ‡aDogs ‡vFiction. ‡0(LARL_NWRL_CONSORTIUM)164539 | |
| 650 | 1. | ‡aTime travel ‡vFiction. ‡0(LARL_NWRL_CONSORTIUM)167651 | |
| 650 | 1. | ‡aSmallpox ‡vFiction. | |
| 650 | 1. | ‡aSpies ‡vFiction. ‡0(LARL_NWRL_CONSORTIUM)176180 | |
| 650 | 1. | ‡aAdventure and adventurers ‡vFiction. ‡0(LARL_NWRL_CONSORTIUM)175858 | |
| 650 | 1. | ‡aLong Island, Battle of, New York, N.Y., 1776 ‡vFiction. | |
| 650 | 1. | ‡aTrenton, Battle of, Trenton, N.J., 1776 ‡vFiction. | |
| 650 | 1. | ‡aUnited States ‡xHistory ‡yRevolution, 1775-1783 ‡vFiction. | |
| 650 | 7. | ‡aAdventure stories. ‡2fast ‡0(LARL_NWRL_CONSORTIUM)12829 | |
| 650 | 7. | ‡aEspionage, American. ‡2fast ‡0(LARL_NWRL_CONSORTIUM)19590 | |
| 650 | 7. | ‡aGolden retriever. ‡2fast ‡0(LARL_NWRL_CONSORTIUM)21362 | |
| 650 | 7. | ‡aSmallpox. ‡2fast ‡0(LARL_NWRL_CONSORTIUM)177048 | |
| 650 | 7. | ‡aSoldiers. ‡2fast ‡0(LARL_NWRL_CONSORTIUM)31390 | |
| 650 | 7. | ‡aTime travel. ‡2fast ‡0(LARL_NWRL_CONSORTIUM)36701 | |
| 651 | 7. | ‡aNew Jersey ‡zTrenton. ‡2fast | |
| 651 | 7. | ‡aNew York (State) ‡zNew York. ‡2fast | |
| 651 | 7. | ‡aUnited States. ‡2fast ‡0(LARL_NWRL_CONSORTIUM)54625 | |
| 648 | 7. | ‡a1775-1783 ‡2fast | |
| 655 | 7. | ‡aAdventure fiction. ‡2gsafd | |
| 655 | 7. | ‡aTime-travel fiction. ‡2lcgft | |
| 655 | 7. | ‡aHistorical fiction. ‡2lcgft | |
| 655 | 7. | ‡aAction and adventure fiction. ‡2lcgft | |
| 655 | 7. | ‡aAction and adventure fiction. ‡2fast | |
| 655 | 7. | ‡aFiction. ‡2fast | |
| 655 | 7. | ‡aHistorical fiction. ‡2fast | |
| 655 | 7. | ‡aHistory. ‡2fast | |
| 655 | 7. | ‡aJuvenile works. ‡2fast | |
| 700 | 1 | . | ‡aMcMorris, Kelley, ‡eillustrator. |
| 905 | . | ‡ubacont | |
| 901 | . | ‡a324038 ‡b ‡c324038 ‡tbiblio ‡soclc | |

Add to basket
Permalink
Disable Highlighting